Ausonius

Αποθηκεύτηκε σε:
Λεπτομέρειες βιβλιογραφικής εγγραφής
Κύριος συγγραφέας: Ausonius, Decimus Magnus
Άλλοι συγγραφείς: Evelyn-White, Hugh G. (Hugh Gerard) d. 1924 (Μεταφραστής)
Μορφή: Βιβλίο
Γλώσσα:English
Latin
Δημοσίευση: Cambridge, Mass. ; : London : Harvard University Press, Heinemann, 1985-1988
Σειρά:Loeb classical library ; ; 96,115
Θέματα:
Ετικέτες: Προσθήκη ετικέτας
Δεν υπάρχουν, Καταχωρήστε ετικέτα πρώτοι!

MARC

LEADER 00000nam a2200000 i 4500
001 1/19227
008 960624s1985 eng d
020 |a 0-674-99107-9 (τ.1) 
020 |a 0-674-99127-3 (τ.2) 
035 |l 10021197 
040 |a GR-MY-UA  |b gre  |e aacr 
041 0 |a eng  |a lat 
082 0 |a 871.01  |2 (22) 
100 1 |a Ausonius, Decimus Magnus. 
245 1 0 |a Ausonius /  |c Ausonius, Decimus Magnus ; μετάφραση: H.G. Evelyn White 
260 |a Cambridge, Mass. ; :   |a London :   |b Harvard University Press,   |b Heinemann,   |c 1985-1988 
300 |a 2τ. (396;368 σ.);  |c 17 εκ. 
490 1 |a Loeb classical library  |v ; 96,115 
504 |a Περιλαμβάνει ευρετήριο 
600 1 0 |a Ausonius, Decimus Magnus. 
650 0 0 |a Epistolary poetry, Latin  |x Translation into English. 
650 0 0 |a Epigrams, Latin  |x Translations into English. 
651 0 |a Rome  |x History. 
700 1 |a Evelyn-White, Hugh G.  |c (Hugh Gerard)  |d d. 1924.  |4 trl 
830 0 |a Loeb classical library ;  |v ; 96,115 
852 |a INST  |b CHIOS  |e 19960624  |h 871.01 AUS  |p 005200003745  |q 005200003745  |t BK  |y 0  |z τ.1 
852 |a INST  |b CHIOS  |e 19960625  |h 871.01 AUS  |p 005200007569  |q 005200007569  |t BK  |y 0  |z τ.2 
852 |a INST  |b CHIOS  |e 19960624  |h 871.01 AUS  |p 005200003745  |q 005200003745  |t BK  |v τ.1:  |y 0  |z τ.1 
852 |a INST  |b CHIOS  |e 19960625  |h 871.01 AUS  |p 005200007569  |q 005200007569  |t BK  |v τ.2:  |y 0  |z τ.2 
853 |a INST  |b CHIOS  |h 871.01 AUS 
909 |a Χ  |b 037517 
909 |a Χ  |b 031880 
922 |a 2ΕΛΗ  |b 199311  |c ΦΡΑΓΚΟΜΙΧΑΛΟΣ  |d LEADER BOOKS